El Espíritu Santo: catequesis XVI-XVII

-д хадгалсан:
Номзүйн дэлгэрэнгүй
Үндсэн зохиолч: Cirilo de Jerusalén (Зохиогч)
Формат: Ном
Хэл сонгох:испани
Хэвлэсэн: Madrid Ciudad Nueva 1998
Хэвлэл:3a. ed
Цуврал:Biblioteca de Patrística, 11
Нөхцлүүд:
Шошгууд: Шошго нэмэх
Шошго байхгүй, Энэхүү баримтыг шошголох эхний хүн болох!

MARC

LEADER 00000nam a2200000 a 4500
001 UCO8724
003 CL-VaPUC
008 001221e19980000SP |||||||||||||||||spa|d
082 0 4 |a 281  |b CIR  |2 21 
100 0 |a Cirilo de Jerusalén  |e author  |9 453566 
245 1 3 |a El Espíritu Santo: catequesis XVI-XVII 
250 |a 3a. ed 
300 |a 108 p 
942 |c BK 
945 |d 20001221 00:00:00  |a vberengu 
260 |a Madrid  |b Ciudad Nueva  |c 1998 
650 0 |a Padres de la Iglesia  |9 313352 
650 0 |a Patrística  |9 322007 
650 0 |a Patrología  |9 349346 
650 7 |a ESPIRITU SANTO  |2 CL-VaPUC  |9 453567 
583 |a last modification  |c 20001221 00:00:00  |k Rodrigo Vera 
490 0 |a Biblioteca de Patrística, 11 
999 |c 293193  |d 293191 
952 |0 0  |1 0  |4 0  |6 281_000000000000000_CIR_1998  |7 0  |8 A  |9 344532  |a BIBTEO  |b BIBTEO  |d 2019-11-20  |i 3678695  |o 281 CIR 1998  |p 3678695  |r 2025-01-17  |w 2019-11-20  |y BK  |k ICR